Science fiction.

Bibliographic Details
Uniform Title:Science fiction (Sydney, Australia)
Format: Journal
Language:English
Subjects:
Online Availability: Check for online availability

MARC

Tag First Indicator Second Indicator Subfields
LEADER 00000cas a2200000 a 4500
001 in00000976144
005 20150927114637.0
008 791029c19779999at trzp 0uu1a0eng d
010 |a sn 85023812  
022 |a 0314-6677 
035 |a (OCoLC)05620671 
035 |9 AEW9277AM 
040 |a HLS  |c HLS  |d AIP  |d PIT  |d NST  |d HUL  |d UtOrBLW 
042 |a lcd 
049 |a TXAE 
090 |a PR9612.6  |b .S32 
130 0 |a Science fiction (Sydney, Australia) 
210 0 0 |a Sci. fiction 
222 0 |a Science fiction 
245 1 0 |a Science fiction. 
246 1 4 |a Science Fiction a review of speculative literature 
264 0 |a Sydney :  |b V-M Production,  |c 1977- 
300 |a volumes :  |b illustrations ;  |c 24-27 cm. 
310 |a Three no. a year 
336 |a text  |b txt  |2 rdacontent 
337 |a unmediated  |b n  |2 rdamedia 
338 |a volume  |b nc  |2 rdacarrier 
362 0 |a Vol. 1, no. 1 (June 1977)- 
500 |a Description based on: Volume 2, number 1 (May 1979); title from cover. 
510 0 |a MLA international bibliography of books and articles on the modern languages and literatures (Complete edition)  |x 0024-8215 
515 |a Vol. 2, no. 1 (May 1979) also called #4- 
555 |a Vols. 1 (1977)-9 (1987) in v. 9, no. 3. 
650 0 |a Science fiction, Australian  |x Periodicals. 
650 0 |a Science fiction  |x History and criticism  |v Periodicals. 
999 |a MARS 
999 f f |s 8c94db0e-5521-3b62-9287-0e56262e9efa  |i 0638dc78-eba2-33f4-b22b-819fb3e5fced  |t 0 
952 f f |p serial  |a Texas A&M University  |b College Station  |c Sterling C. Evans Library  |d Evans: Library Stacks  |t 0  |e PR9612.6 S32  |h Library of Congress classification  |i unmediated -- volume  |k v.1/9:Index  |l 1977/1987  |m A14820281974 
952 f f |p serial  |a Texas A&M University  |b College Station  |c Cushing Memorial Library & Archives  |d Cushing: Science Fiction (Does not check out)  |t 0  |e PR9612.6 .S32  |h Library of Congress classification  |i unmediated -- volume  |k v.21:no.2  |l 2023  |m A14853043050 
952 f f |p serial  |a Texas A&M University  |b College Station  |c Cushing Memorial Library & Archives  |d Cushing: Science Fiction (Does not check out)  |t 0  |e PR9612.6 .S32  |h Library of Congress classification  |i unmediated -- volume  |k v.22:no.1/2  |l 2024  |m A14853043061 
952 f f |p noncirc  |a Texas A&M University  |b College Station  |c Cushing Memorial Library & Archives  |d Cushing: Science Fiction (Does not check out)  |t 0  |e PR9612.6 .S32  |h Library of Congress classification  |i unmediated -- volume 
952 f f |p serial  |a Texas A&M University  |b College Station  |c Cushing Memorial Library & Archives  |d Cushing: Science Fiction (Does not check out)  |t 0  |e PR9612.6 .S32  |h Library of Congress classification  |i unmediated -- volume  |k v.21:no.1   |l 2023  |m A1485304299C 
952 f f |p serial  |a Texas A&M University  |b College Station  |c Sterling C. Evans Library  |d Evans: Library Stacks  |t 0  |e PR9612.6 S32  |h Library of Congress classification  |i unmediated -- volume  |k v.10:no.1  |l 1988  |m A14820282027 
998 f f |a PR9612.6 S32  |t 0  |l Evans: Library Stacks 
998 f f |a PR9612.6 .S32  |s v.1:no.1 (1977:June)-v.22:no.1/2 (2024)=no.55/56  |t 0  |l Cushing: Science Fiction (Does not check out)